|
|
|
|
| LEADER |
00000nam0a2200000 4500 |
| 001 |
172988 |
| 005 |
20231031164408.0 |
| 035 |
|
|
|a (RuTPU)RU\TPU\book\187644
|
| 090 |
|
|
|a 172988
|
| 100 |
|
|
|a 20091217d1979 km y0rusy50 ca
|
| 101 |
0 |
|
|a rus
|
| 102 |
|
|
|a RU
|
| 105 |
|
|
|a a z 001zy
|
| 200 |
1 |
|
|a Исследования по машинному переводу
|f О. С. Кулагина
|g Академия наук СССР (АН СССР), Институт прикладной математики им. М. В. Келдыша (ИПМ)
|
| 210 |
|
|
|a Москва
|c Наука
|d 1979
|
| 215 |
|
|
|a 324 с.
|c ил.
|
| 320 |
|
|
|a Библиогр.: с. 312-317.
|
| 610 |
1 |
|
|a машинный перевод
|
| 610 |
1 |
|
|a теория
|
| 610 |
1 |
|
|a математический аппарат
|
| 610 |
1 |
|
|a системы
|
| 610 |
1 |
|
|a синтаксический анализ
|
| 610 |
1 |
|
|a синтаксический синтез
|
| 610 |
1 |
|
|a морфологический синтез
|
| 610 |
1 |
|
|a анализ
|
| 675 |
|
|
|a 681.3
|v 3
|
| 700 |
|
1 |
|a Кулагина
|b О. С.
|g Ольга Сергеевна
|
| 712 |
0 |
2 |
|a Академия наук СССР (АН СССР)
|b Институт прикладной математики им. М. В. Келдыша (ИПМ)
|c (Москва)
|2 stltpush
|3 (RuTPU)RU\TPU\col\12475
|
| 801 |
|
1 |
|a RU
|b 63413507
|c 20091217
|
| 801 |
|
2 |
|a RU
|b 63413507
|c 20100628
|g RCR
|
| 942 |
|
|
|c BK
|